000 00197 a2200097 4500
001 7815
100 _aLlewellyn, B
245 _aWith my back to east
260 _a
_bAllen
_c
090 _c6264
_d6264
942 _aNUST-CAE
_cM
_c32783
999 _c242888
_d242888